| 000 | 00634nam a2200217 a 4500 | ||
|---|---|---|---|
| 005 | 20210223131030.0 | ||
| 008 | 090629s2001 es r 000 0 spa d | ||
| 020 | _a8435016706 | ||
| 035 | _aUPN01000171527 | ||
| 049 | _aCG | ||
| 050 | 4 |
_aPJ846 A4.6 _bB3.7 |
|
| 100 | 1 |
_aMahfuz, Naguib, _d1911-2006 _931286 |
|
| 245 | 1 | 3 |
_aLa batalla de Tebas / _cNaguib Mahfuz ; tr. María Luisa Prieto. |
| 260 |
_aBarcelona, Esp. : _bEdhasa, _c2001. |
||
| 300 | _a261 p. | ||
| 440 | 0 |
_aPocket Edhasa ; _v170 |
|
| 534 |
_pTítulo original: _tkifah Tiba |
||
| 650 | 4 |
_aNOVELA EGIPCIA _912684 |
|
| 651 | 4 |
_aEGIPTO - _vNOVELA _94083 |
|
| 905 | _aLibro | ||
| 999 |
_c143632 _d143632 |
||